01435nam a22003857a 4500003000500000005001700005008004100022010000900063011000900072035000900081040000900090082002100099111013100120245002900251260003900280300001100319490003400330500001100364590004100375590004100416590004100457590004100498590004200539650004400581650002400625650002100649700002800670710006700698830004100765901000700806942001000813949007000823999001500893952014100908CHAP20220817040930.0971013s1991 r 10010 d a2963 a3935 a3136 cCHAP a636.085bR4 198700aReunión sobre Determinación de Carencias y Suplementación Mineral de Bovinos (d1987c: Campo Grande, MS, Brasil)996632 aSuplementación mineral aMontevideo, Uruguay :bIICA,c1991 a134 p. aDiálogo/IICA-PROCISURv; 30 aD48-20 aBATCH-UPDb10c20130110lUCH01h0211 aBATCH-UPDb10c20130110lUCH01h1546 aBATCH-UPDb10c20130410lUCH01h0945 aBATCH-UPDb10c20130914lUCH01h1648 aCONVERSIONb10c20130109lUCH01h130314aMinerales en nutrición animal.97593714aNutrición animal.14aPastoreo.9859840 aPuignau, Juan P.9929610 aInstituto Interamericano de Cooperación para la Agricultura.0 aDiálogo/IICA-PROCISURv; 30932637 aBK cLIBRO a636.085 R4 1987bBCcLIBROd33724000265039eLIBROh80790i3136si c2963d2963 00102ddc4052708GRALaBCbBCcPP_GRALd2019-12-31fLIBROl0o636.085 R4 1987p33724000265039r2019-12-31 00:00:00w2019-12-31yLIBRO